000 00625nam a2200229Ia 4500
003 OSt
005 20220928104211.0
006 a|||||r|||| 00| 0
007 ta
008 220927b |||||||| |||| 00| 0 eng d
024 _a46520
037 _cTextual
040 _aSDCL
_cSDCL
_beng
041 _2eng
_aeng
082 _aV3'N, L6
100 _aWinkler Henry R
_9409586
245 0 _aTwentieth century Britain
_b National power and social welfare
260 _aLondon
_bNew Viewpoints
_c1976
300 _a272p
_ccm.
942 _hV3'N, L6
_cTEXL
_2CC
999 _c725159
_d725159